01012nam a22002177a 4500003000400000005001700004008004100021020001500062040000700077100002900084245009200113260003800205300001900243504003200262505035700294650002700651650002400678650002400702650002300726700004500749OSt20180928055303.0180220b xxu||||| |||| 00| 0 spa d a9509714003 cPJ aSalgado, Alí Joaquín10aJuicio de desalojo /cAlí Joaquín Salgado; prólogo de Carlos Eduardo Fenochietto. aBuenos Aires :cLa Rocca, b1987. a156 p.c23 cm. aBibliografía: p. 155-156. aContenido: Nociones generales -- Sujetos -- La demanda de desalojo --Traslado de la demanda -- Actitudes del demandado frente a la demanda -- La declaración de puro derecho y la prueba -- La sentencia de desalojo -- Los recursos -- Normas vigentes de la ley 21.342 -- El proceso de desalojo en la provincia de Buenos Aires -- Apéndice práctico. 0aDERECHO PROCESAL CIVIL 0aPROCEDIMIENTO CIVIL 0aPROCESOS ESPECIALES 0aJUICIO DE DESALOJO aFenochietto, Carlos Eduardoeprologuista